Statistics for FIBA Basketball World Cup Top Four - Men

Click here to take the quiz!

General Stats

  • This quiz has been taken 2,005 times
  • The average score is 14 of 21

Answer Stats

Winner% Correct
United States
100%
Spain
97%
France
94%
Argentina
91%
Germany
86%
Brazil
85%
Russia
85%
Serbia
83%
Italy
79%
Soviet Union
79%
Greece
77%
Yugoslavia
77%
Lithuania
73%
Croatia
72%
Turkey
69%
New Zealand
42%
Chile
41%
Cuba
34%
Puerto Rico
33%
Philippines
19%
Taiwan
11%

Score Distribution

Percentile by Number Answered

Percent of People with Each Score

Your Score History

You have not taken this quiz